Turkic Languages - Sudden Death - Statistics

General Stats
  • This quiz has been taken 227 times
  • The average score is 6 of 9
Answers on the Grid
Answers color-coded by a green-red scale on the quiz's grid according to % correct below.
Turkish
Uzbek
Turkmen
Uyghur
Kyrgyz
Tatar
Azeri
Chuvash
Bashkir
Lingala
Chechen
Georgian
Saami
Tajik
Bujumbura
Avar
Dhivehi
Daghestani
 
Answer Stats
Answer % Correct
Turkish
76%
Turkmen
76%
Kyrgyz
71%
Uzbek
71%
Uyghur
69%
Azeri
68%
Tatar
60%
Bashkir
53%
Chuvash
41%
No matching quizzes found
Score Distribution
Percent of People with Each Score
Percentile by Number Answered
Your Score History
You have not taken this quiz